Cells and tissues in culture : methods, biology, and physiology /

Bibliographic Details
Main Author: Willmer, E. N. (Edward Nevill)
Format: Book
Language:English
Published: London, New York : Academic Press, 1965-1966.
Subjects:

MARC

Tag First Indicator Second Indicator Subfields
LEADER 00000cam a2200000 4500
001 in00000044920
005 20151007065131.0
008 730206m19651966enk b 00000 eng u
010 |a  64014227  
035 |a (OCoLC)00553070 
035 |9 AAE1352AM 
040 |c WSU  |d TXA  |d UtOrBLW 
049 |a TXAM  |v 1 [416669]  |v 2 [414300]  |v 3 [424835] 
050 0 |a QH585  |b .W54 
092 |a 574.8  |b W737c 
100 1 |a Willmer, E. N.  |q (Edward Nevill) 
245 1 0 |a Cells and tissues in culture :  |b methods, biology, and physiology /  |c Edited by E. N. Willmer. 
264 1 |a London,  |a New York :  |b Academic Press,  |c 1965-1966. 
300 |a 3 volumes :  |b illustrations, portrait ;  |c 24 cm. 
336 |a text  |b txt  |2 rdacontent 
337 |a unmediated  |b n  |2 rdamedia 
338 |a volume  |b nc  |2 rdacarrier 
504 |a Includes bibliographical references. 
650 0 |a Tissue culture. 
999 |a MARS 
999 f f |s dcff7988-0d52-3947-9bb3-ab427f2be360  |i f9161f3f-fd33-396e-b9af-b5cfadba0e19  |t 0 
952 f f |p ric  |a Texas A&M University  |b Rellis Campus  |c Joint Library Facility  |d Remote Storage  |t 0  |e QH585 .W54  |h Library of Congress classification  |i unmediated -- volume  |k v.2  |m A14800974638 
952 f f |p ric  |a Texas A&M University  |b Rellis Campus  |c Joint Library Facility  |d Remote Storage  |t 0  |e QH585 .W54  |h Library of Congress classification  |i unmediated -- volume  |k v.1  |m A14800974620 
952 f f |p ric  |a Texas A&M University  |b Rellis Campus  |c Joint Library Facility  |d Remote Storage  |t 0  |e QH585 .W54  |h Library of Congress classification  |i unmediated -- volume  |k v.3  |m A14800974646 
998 f f |a QH585 .W54  |s v.1-v.3  |t 0  |l Remote Storage